People Pictured with Nelson Mandela - Statistics

General Stats
  • This quiz has been taken 103 times
  • The average score is 11 of 16
Answer Stats
Picture Hint Answer % Correct
Michael Jackson
96%
Princess Diana
92%
Margaret Thatcher
85%
George H. W. Bush
84%
Dalai Lama
75%
Oprah Winfrey
75%
Pope John Paul II
75%
Fidel Castro
73%
David Beckham
65%
Jacqueline Kennedy-Onassis
65%
Bill Gates
62%
Muammar Gaddafi
61%
Tony Blair
54%
Whitney Houston
49%
The man on the far left Ian McKellen
27%
Evander Holyfield
20%
No matching quizzes found
Score Distribution
Percent of People with Each Score
Percentile by Number Answered
Your Score History
You have not taken this quiz